Sense and sensuality : (Запис № 547588)
[ простий вигляд ]
| 000 -LEADER | |
|---|---|
| fixed length control field | 01397cam a2200325 a 4500 |
| 001 - CONTROL NUMBER | |
| control field | sensesensualityn00brac |
| 003 - CONTROL NUMBER IDENTIFIER | |
| control field | CaSfIA |
| 005 - DATE AND TIME OF LATEST TRANSACTION | |
| control field | 20210119081443.0 |
| 007 - PHYSICAL DESCRIPTION FIXED FIELD--GENERAL INFORMATION | |
| fixed length control field | cr|||| |
| 008 - FIXED-LENGTH DATA ELEMENTS--GENERAL INFORMATION | |
| fixed length control field | 860814r19871984nyu 000 1 eng |
| 010 ## - LIBRARY OF CONGRESS CONTROL NUMBER | |
| LC control number | 86014576 |
| 040 ## - CATALOGING SOURCE | |
| Original cataloging agency | DLC |
| Transcribing agency | DLC |
| Modifying agency | BTCTA |
| -- | YDXCP |
| -- | SMP |
| -- | CaSfIA |
| 020 ## - INTERNATIONAL STANDARD BOOK NUMBER | |
| International Standard Book Number | 080087062X : |
| Terms of availability | $14.95 |
| 020 ## - INTERNATIONAL STANDARD BOOK NUMBER | |
| International Standard Book Number | 9780800870621 |
| 035 ## - SYSTEM CONTROL NUMBER | |
| System control number | (OCoLC)14164755 |
| 050 04 - LIBRARY OF CONGRESS CALL NUMBER | |
| Classification number | PR6052.R24 |
| Item number | S4 1987 |
| 082 0# - DEWEY DECIMAL CLASSIFICATION NUMBER | |
| Classification number | 823/.914 |
| Edition number | 19 |
| 029 1# - (OCLC) | |
| OCLC library identifier | NZ1 |
| System control number | 3245765 |
| 100 1# - MAIN ENTRY--PERSONAL NAME | |
| Personal name | Brackenbury, Rosalind. |
| 245 10 - TITLE STATEMENT | |
| Title | Sense and sensuality : |
| Medium | [electronic resource] |
| Remainder of title | a novel / |
| Statement of responsibility, etc | Rosalind Brackenbury. |
| 250 ## - EDITION STATEMENT | |
| Edition statement | 1st American ed. |
| 260 ## - PUBLICATION, DISTRIBUTION, ETC. (IMPRINT) | |
| Place of publication, distribution, etc | New York : |
| Name of publisher, distributor, etc | Taplinger, |
| Date of publication, distribution, etc | 1987, c1985. |
| 300 ## - PHYSICAL DESCRIPTION | |
| Extent | 255 p. ; |
| Dimensions | 21 cm. |
| 500 ## - GENERAL NOTE | |
| General note | Reprint. Originally published: Brighton, Sussex : Harvester Press, 1984. |
| 506 ## - RESTRICTIONS ON ACCESS NOTE | |
| Standardized terminology for access restriction | Необхідна авторизація на https://archive.org/ (створення облікового запису безкоштовно) |
| 506 ## - RESTRICTIONS ON ACCESS NOTE | |
| Standardized terminology for access restriction | Необхідна авторизація на https://openlibrary.org/ (створення облікового запису безкоштовно) |
| 856 41 - ELECTRONIC LOCATION AND ACCESS | |
| Uniform Resource Identifier | <a href="http://www.archive.org/details/sensesensualityn00brac">http://www.archive.org/details/sensesensualityn00brac</a> |
| Public note | Free eBook from the Internet Archive |
| 856 42 - ELECTRONIC LOCATION AND ACCESS | |
| Uniform Resource Identifier | <a href="http://www.openlibrary.org/books/OL2721101M">http://www.openlibrary.org/books/OL2721101M</a> |
| Public note | Additional information and access via Open Library |
| 942 ## - ADDED ENTRY ELEMENTS (KOHA) | |
| Koha item type | ЕКнига |
Немає доступних примірників.